Separatist Flags of Europe - Statistics

General Stats
  • This quiz has been taken 239 times
  • The average score is 8 of 12
Answer Stats
Picture Answer % Correct
Scotland
100%
Wales
97%
Catalonia
93%
Basque Country
79%
Bavaria
75%
Corsica
71%
Flanders
71%
Brittany
65%
Sicily
55%
Veneto
54%
Padania
27%
South Tyrol
25%
No matching quizzes found
Score Distribution
Percent of People with Each Score
Percentile by Number Answered
Your Score History
You have not taken this quiz